000
00340nam a2200145Ia 4500
100
_a
Matthews/C.B/ Matthews/M.S
942
_c
RB
654
_a
wordstar
245
_a
Wordstar professional:Complete reference
260
_b
Micro pro -Osborne
_a
Berkeley
_c
1988
082
_a
1.642
_b
MAT
300
_a
822
546
_a
ENGLISH
999
_c
34829
_d
34829